00373nam a2200121Ia 4500008004100000082001800041100002500059245004400084260003900128300001000167630001800177650005600195211109s9999||||xx |||||||||||||| ||und|| a509.38bBEN-G aBenjamin, Farrington 0aGreek Science Its Meaning for Us Vol II bPenguin BooksaGreat Britianc1949 a180p. xGeneral Stack aNatural SciencesvMathematicsGreek SciencexZoology